00520nam a22001577a 450000500170000001000150001702000260003203500140005803700130007208200080008510000200009324500460011326000410015927001410020030000210034120241220113412.0 aENG-143125 c749.00a9789355012326 aEN-126657 bDBAD/PUB a000 aAggarwal, R. S. aQuantitative Aptitude/cby R. S. Aggarwal aNew DelhibS. Chand Publishingc2022 bNew DelhiaBlock B-1, House No. D-1, Ground Floor, Mohan Co-operative Industrial Estate,e110044k01166672000minfo@schandpublishing.com a910p.c27cm(pbk)